Normal view MARC view

Entry Topical Term

Number of records used in: 1

001 - CONTROL NUMBER

  • control field: 8831

003 - CONTROL NUMBER IDENTIFIER

  • control field: OSt

005 - DATE AND TIME OF LATEST TRANSACTION

  • control field: 20190826044556.0

008 - FIXED-LENGTH DATA ELEMENTS

  • fixed length control field: 190826|| aca||aabn | a|a d

040 ## - CATALOGING SOURCE

  • Original cataloging agency: OSt
  • Transcribing agency: OSt

150 ## - HEADING--TOPICAL TERM

  • Topical term or geographic name entry element: Social ontology

670 ## - SOURCE DATA FOUND

  • Source citation: Work cat.: (OSt): Lauer, Richard 8830, Is social ontology prior to social scientific methodology?, 2019

Powered by Koha